NBA Players Colleges - Statistics

General Stats
  • This quiz has been taken 526 times
  • The average score is 141 of 483
Answer Stats
Player College % Correct
Tyler Herro Kentucky
92%
Bam Adebayo Kentucky
90%
Jimmy Butler Marquette
85%
Jalen Suggs Gonzaga
77%
Markelle Fultz Washington
72%
Karl-Anthony Towns Kentucky
71%
Mo Bamba Texas
71%
Stephen Curry Davidson
70%
Anthony Edwards Georgia
69%
Anthony Davis Kentucky
69%
Franz Wagner Michigan
69%
Mortiz Wagner Michigan
68%
Draymond Green Michigan St
68%
Carmelo Anthony Syracuse
68%
Duncan Robinson Michigan
66%
Russell Westbrook UCLA
66%
Jayson Tatum Duke
65%
Kyrie Irving Duke
65%
RJ Barrett Duke
65%
Rui Hachimura Gonzaga
65%
Jamal Murray Kentucky
65%
Devin Booker Kentucky
65%
De'Aaron Fox Kentucky
65%
Cole Anthony UNC
65%
Kevin Durant Texas
64%
Andrew Wiggins Kansas
63%
Shai Gilgeous-Alexander Kentucky
63%
Ben Simmons LSU
63%
Jordan Poole Michigan
63%
Caleb Martin Nevada
63%
Lonzo Ball UCLA
63%
Chris Paul Wake Forest
63%
Deandre Ayton Arizona
62%
Joel Embiid Kansas
62%
Bol Bol Oregon
62%
Kawhi Leonard San Diego St
62%
James Harden Arizona St
61%
LeBron James High School
61%
Donovan Mitchell Louisville
61%
Cassius Winston Michigan St
61%
Blake Griffin Oklahoma
61%
Kemba Walker UCONN
61%
Wendell Carter Jr Duke
60%
Marvin Bagely III Duke
60%
Bradley Beal Florida
60%
Corey Kispert Gonzaga
60%
D'Angelo Russell Ohio St
60%
Cade Cunningham Oklahoma St
60%
James Wiseman Memphis
59%
Michael Porter Jr Missouri
59%
Kevin Love UCLA
59%
Klay Thompson Washington St
59%
Damian Lillard Weber St
59%
Julius Randle Kentucky
58%
Derrick Rose Memphis
58%
Austin Rivers Duke
57%
Malik Monk Kentucky
57%
Buddy Hield Oklahoma
57%
Davion Mitchell Baylor
56%
Obi Toppin Dayton
56%
Seth Curry Duke
56%
Grayson Allen Duke
55%
Paul George Fresno St
55%
Tyrese Maxey Kentucky
55%
Trae Young Oklahoma
55%
Tacko Fall UCF
55%
Evan Mobley USC
55%
Frank Kaminsky Wisconsin
55%
Collin Sexton Alabama
53%
Josh GIddey Australia
53%
Cam Reddish Duke
53%
Immanuel Quickley Kentucky
53%
Coby White UNC
53%
Mikal Bridges Villanova
53%
Jaylen Brown California
52%
Jonathan Isaac Florida St
52%
Scottie Barnes Florida St
52%
Giannis Antetokounmpo Greece
52%
Mario Chalmer Kansas
52%
Kevin Knox II Kentucky
52%
CJ McCollum Lehigh
52%
Payton Pritchard Oregon
52%
Nikola Jokic Serbia
52%
Grant Williams Tennessee
52%
Zach LaVine UCLA
52%
Luke Kennard Duke
51%
Tyrese Hailburton Iowa St
51%
Robin Lopez Stanford
51%
Cameron Johnson UNC
51%
DeMar DeRozan USC
51%
Justise Winslow Duke
50%
Thanasis Antetkounmpo Greece
50%
Luka Garza Iowa
50%
DeMarcus Cousins Kentucky
50%
Marcus Smart Oklahoma St
50%
Admiral Schofield Tennessee
50%
Donte DiVincenzo Villanova
50%
Ty Jerome Virginia
50%
Gordon Hayward Butler
49%
Jabari Parker Duke
49%
Dwight Howard High School
49%
Ayo Dosunmu Illinois
49%
Rajon Rondo Kentucky
49%
Kyle Kuzma Utah
49%
Darius Garland Vanderbilt
49%
Rudy Gobert France
48%
Nerlens Noel Kentucky
48%
Al Horford Florida
47%
Moses Moody Arkansas
46%
P.J. Tucker Texas
46%
Mac McClung Texas Tech
46%
De'Andre Hunter Virginia
46%
Aaron Gordon Arizona
45%
Victor Oladipo Indiana
45%
Montrezl Harrell Louisville
45%
LaMarcus Aldridge Texas
45%
Jarrett Allen Texas
45%
Alex Caruso Texas A&M
45%
Kyle Guy Virginia
45%
Fred VanVleet Wichita St
45%
Brandon Boston Jr Kentucky
44%
Denzel Valentine Michigan St
44%
Nassir Little UNC
44%
Tre Mann Florida
43%
Romeo Langford Indiana
43%
Markus Howard Marquette
43%
Brook Lopez Stanford
43%
Aaron Holiday UCLA
43%
Jonathan Kuminga G League
42%
Miles Bridges Michigan State
42%
Dennis Smith Jr NC St
42%
Mike Conley Ohio St
42%
Michael Carter-Williams Syracuse
42%
Eric Paschall Villanova
42%
Cam Thomas LSU
41%
Harrison Barnes UNC
41%
Lauri Markkanen Arizona
40%
Chuma Okeke Auburn
40%
Isaac Okoro Auburn
40%
Patrick Williams Florida State
40%
Udoka Azubuike Kansas
40%
Josh Jackson Kansas
40%
P.J. Washington Kentucky
40%
Andre Drummond UCONN
40%
James Bouknight UCONN
40%
Kyle Lowry VIllanova
40%
Taurean Prince Baylor
39%
Jared Butler Baylor
39%
Evan Fournier France
39%
Dennis Schroder Germany
39%
Naz Reid LSU
39%
Austin Reaves Oklahoma
39%
Chris Duarte Oregon
39%
Jrue Holiday UCLA
39%
Cody Martin Nevada
38%
Matisse Thybulle Washington
38%
Cassius Stanley Duke
37%
Vernon Carey Jr Duke
37%
Domantas Sabonis Gonzaga
37%
Quinten Grimes Houston
37%
Ricky Rubio Spain
37%
Myles Turner Texas
37%
Jeremiah Robinson-Earl Villanova
37%
Jevon Carter West Virginia
37%
Sharife Cooper Auburn
36%
Gary Harris Michigan St
36%
Jordan Bell Oregon
36%
Gary Trent Jr Duke
35%
Mason Plumlee Duke
35%
Kelly Olynyk Gonzaga
35%
Cody Zeller Indiana
35%
Marcus Morris Sr Kansas
35%
Tremont Waters LSU
35%
Jalen Smith Maryland
35%
Precious Achiuwa Memphis
35%
Ignas Brazdeikis Michigan
35%
Max Strus DePaul
34%
Terance Mann Florida St
34%
OG Anunoby Indiana
34%
Ben McLemore Kansas
34%
Robert Williams III Texas A&M
34%
Onyeka Okongwu USC
34%
Malcolm Brogdon Virginia
34%
Joe Ingles Australia
33%
Spencer Dinwiddie Colorado
33%
Nicolas Batum France
33%
Killian Hayes France
33%
Otto Porter Jr Georgetown
33%
Kevin Huerter Maryland
33%
Nik Stauskas Michigan
33%
LaMelo Ball Australia
32%
Deni Avdija Israel
32%
Kelly Oubre Jr Kansas
32%
Markieff Morris Kansas
32%
Hamidou Diallo Kentucky
32%
Terry Rozier Louisville
32%
Pascal Siakam New Mexico St
32%
Tobias Harris Tennessee
32%
Saddiq Bey Villanova
32%
Patrick Beverley Arkansas
31%
Eric Bledsoe Kentucky
31%
Trey Lyles Kentucky
31%
Isaiah Livers Michigan
31%
Caris LeVert Michigan
31%
Jason Preston Ohio
31%
Nikola Vucevic USC
31%
John Collins Wake Forest
31%
Stanley Johnson Arizona
30%
Jalen Johnson Duke
30%
Georges Niang Iowa St
30%
Jericho Sims Texas
30%
Jaden McDaniels Washington
30%
Miles McBride West Virginia
30%
Luguentz Dort Arizona St
29%
Daniel Gafford Arkansas
29%
Bobby Portis Arkansas
29%
Frank Jackson Duke
29%
Svi Mykhailiuk Kansas
29%
Jarred Vanderbilt Kentucky
29%
Bruno Fernando Maryland
29%
Pat Connaughton Notre Dame
29%
Keon Johnson Tennessee
29%
Kai Jones Texas
29%
DeAndre Jordan Texas A&M
29%
Kevon Looney UCLA
29%
Danny Green UNC
29%
Aaron Nesmith Vanderbilt
29%
Bones Hyland VCU
29%
Andre Iguodala Arizona
28%
Chris Chiozza Florida
28%
Joel Ayayi Gonzaga
28%
Jae Crowder Marquette
28%
Gary Payton II Oregon St
28%
Greg Brown III Texas
28%
Khris Middleton Texas A&M
28%
Enes Freedom Turkey
28%
Jeremy Lamb UCONN
28%
Landry Shamet Wichita St
28%
Kentavious Caldwell-Pope Georgia
27%
Thomas Bryant Indiana
27%
Devon Dotson Kansas
27%
Cameron Payne Murray St
27%
Duane Washington Jr Ohio St
27%
KZ Okpala Stanford
27%
Jaden Springer Tennessee
27%
Rodney Hood Duke
26%
Udonis Haslem Florida
26%
Monte Morris Iowa St
26%
Talen Horton-Tucker Iowa St
26%
Wayne Selden Kansas
26%
Jordan Nwora Louisville
26%
Myles Powell Seton Hall
26%
Tristian Thompson Texas
26%
Joe Harris Virginia
26%
Isaiah Stewart Washington
26%
Larry Nance Jr Wyoming
26%
Danillo Gallinari Italy
25%
Wenyen Gabriel Kentucky
25%
Anfernee Simons High School
24%
Trendon Watford LSU
24%
Jauncho Hernangomez Spain
24%
Jerami Grant Syracuse
24%
Sam Hauser Virginia
24%
Scottie Lewis Florida
23%
Nick Richards Kentucky
23%
Hassan Whiteside Marshall
23%
Alex Len Maryland
23%
Chris Boucher Oregon
23%
Malachi Flynn San Diego St
23%
Trevor Ariza UCLA
23%
Charles Bassey Western Kentucky
23%
T.J. McConnell Arizona
22%
Nicolas Claxton Georgia
22%
Jordan Clarkson Missouri
22%
Jay Huff Virginia
22%
Zeke Nnaji Arizona
21%
Reggie Jackson Boston College
21%
Isaiah Todd G League
21%
Aaron Wiggins Maryland
21%
JaVale McGee Nevada
21%
Kendrick Nunn Oakland
21%
Timothe Luwawu-Cabarrot France
20%
Greg Monroe Georgetown
20%
Bruce Brown Miami
20%
T.J. Warren NC ST
20%
Lamar Stevens Penn St
20%
Rudy Gay UCONN
20%
Dylan Windler Belmont
19%
Theo Maledon France
19%
Derrick Favors Georgia Tech
19%
George Hill IUPUI
19%
Aaron Henry Michigan St
19%
Matt Mooney Texas Tech
19%
Terrence Ross Washington
19%
Serge Ibaka Congo
18%
Isaiah Jackson Kentucky
18%
Elfrid Payton Louisiana Lafayette
18%
Gorgui Dieng Louisville
18%
Skylar Mays LSU
18%
Bogdan Bogdanovic Serbia
18%
Semi Ojeleye SMU
18%
Patty Mills St. Mary's
18%
Avery Bradley Texas
18%
Jahmi'us Ramsey Texas Tech
18%
Furkan Korkmaz Turkey
18%
Norman Powell UCLA
18%
JT Thor Auburn
17%
McKinley Wright IV Colorado
17%
Malik Newman Kansas
17%
Goran Dragic Slovenia
17%
Josh Richardson Tennessee
17%
Darren Collison UCLA
17%
Mitchell Robinson Western Kentucky
17%
Malik Beasley Florida St
16%
Jeff Green Georgetown
16%
Darius Bazley G League
16%
Dean Wade Kansas St
16%
Paul Millsap Louisiana Tech
16%
Jake Layman Maryland
16%
Amir Coffey Minnesota
16%
Day'Ron Sharpe North Carolina
16%
David Duke Jr. Providence
16%
Sandro Mamukelahvili Seton Hall
16%
Shake Milton SMU
16%
Chris Silva South Carolina
16%
Clint Capela Switzerland
16%
Wayne Ellington UNC
16%
Bismack Biyombo Congo
15%
Josh Okogie Georgia Tech
15%
Isaiah Hartenstein Germany
15%
Lou Williams High School
15%
Olivier Sarr Kentucky
15%
Davis Bertan Latvia
15%
R.J. Hampton New Zealand
15%
Louis King Oregon
15%
Troy Brown Jr. Oregon
15%
Robert Covington Tennessee
15%
Cedi Osman Turkey
15%
Derrick Jones Jr UNLV
15%
Taj Gibson USC
15%
Miye Oni Yale
15%
Facundo Campazzo Argentina
14%
Isaiah Joe Arkansas
14%
Alec Burks Colorado
14%
Bojan Bogdanovic Croatia
14%
Dario Saric Croatia
14%
Paul Reed DePaul
14%
Marcus Garrett Kansas
14%
E'Twaun Moore Purdue
14%
P.J. Dozier South Carolina
14%
Dewayne Dedmon USC
14%
Justin Anderson Virginia
14%
Royce O'Neale Baylor
13%
Jusus Nurkic Bosnia
13%
Richaun Holmes Bowling Green
13%
Omer Yurtseven Georgetown
13%
Wesley Matthews Marquette
13%
Will Barton Memphis
13%
Isaiah Roby Nebraska
13%
Dalano Banton Nebraska
13%
Justin Champagnie Pittsburgh
13%
Aleksej Pokusevski Serbia
13%
Nemanja Bjelica Serbia
13%
Oshae Brissett Syracuse
13%
Chimezie Metu USC
13%
Anthony Gill Virginia
13%
Ivica Zubac Croatia
12%
Isaac Bonga Germany
12%
Abdel Nader Iowa St
12%
Javonte Smart LSU
12%
Derrick Walton Jr Michigan
12%
Chaundee Brown Jr Michigan
12%
Daniel Oturu Minnesota
12%
Tony Snell New Mexico
12%
Saben Lee Vanderbilt
12%
Freddie Gillepsie Baylor
11%
Chandler Hutchinson Boise St
11%
Raul Neto Brazil
11%
Elijah Hughes Syracuse
11%
Cory Joseph Texas
11%
Ed Davis UNC
11%
Jordan McLaughlin USC
11%
Delon Wright Utah
11%
Neemias Queta Utah St
11%
Luka Samanic Croatia
10%
Damion Lee Louisville
10%
Juan Tascano-Anderson Marquette
10%
Tony Bradley North Carolina
10%
Kessler Edwards Pepperdine
10%
Leandro Balmaro Spain
10%
Maurice Harkless St John's
10%
DeAndre Bembry St. Joseph's
10%
Ish Smith Wake Forest
10%
Jaylen Nowell Washington
10%
Mike Muscala Bucknell
9%
Chris Clemons Campbell
9%
Lance Stephenson Cincinnati
9%
Trent Forrest Florida St
9%
Goga Bitadze Georgia
9%
Kevin Pangos Gonzaga
9%
Tyler Cook Iowa
9%
Matt Thomas Iowa St
9%
Reggie Perry Mississippi St
9%
Robert Woodard II Mississippi St
9%
Terence Davis Ole Miss
9%
JaMychal Green Alabama
8%
Jarron Cumberland Cincinnati
8%
Yuta Watanabe George Washington
8%
Mychal Mulder Kentucky
8%
David Johnson Louisville
8%
Jalen McDaniels San Diego St
8%
Al-Farouq Aminu Wake Forest
8%
CJ Elleby Washington St
8%
Micah Potter Wisconsin
8%
Solomon Hill Arizona
7%
MJ Walker Florida St
7%
Damyean Dotson Houston
7%
Rodney McGruder Kansas St
7%
Davon Reed Miami
7%
Cat Barber NC St
7%
Tim Frazier Penn St
7%
Langston Galloway St. Joseph's
7%
Kenrich Williams TCU
7%
Gabe VIncent UC Santa Barbara
7%
Damian Jones Vanderbilt
7%
James Johnson Wake Forest
7%
Justin Holiday Washington
7%
Mason Jones Arkansas
6%
Ish Wainright Baylor
5%
James Ennis Long Beach St
5%
Alize Johnson Missouri St
5%
Vlatko Cancar Slovenia
5%
Khem Birch UNLV
5%
Justin Robinson Virginia Tech
5%
Javonte Green Radford
4%
RJ Nembhard Jr TCU
4%
Jaylen Hoard Wake Forest
4%
Nathan Knight William & Mary
4%
Kelan Martin Butler
3%
Vit Krejci Czech Republic
3%
Brandin Goodwin FGCU
3%
Petr Cornelie France
3%
Jamorko Pickett Georgetown
3%
Jay Scrubb G League
3%
Haywood Highsmith High School
3%
Aric Holman Mississippi St
3%
Hassani Gravett South Carolina
3%
Malik Fitts St. Mary's
3%
Shaquille Harrison Tulsa
3%
Chris Smith UCLA
3%
Brandon WIlliams Arizona
2%
Deividas Sirvydis Lithuania
2%
Craig Sword Mississippi St
2%
Keljin Blevins Montana St
2%
Jeff Dowtin Rhode Island
2%
Torrey Craig SC Upstate
2%
Gabriel Denk Spain
2%
Jordan Goodwin St. Louis
2%
Scotty Hopson Tennessee
2%
Keifer Sykes Wisconsin Green Bay
2%
Terry Taylor Austin Peay
1%
Nate Hinton Houston
1%
Arnoldas Kulboka Lithuania
1%
Marko Simonovic Montenegro
1%
Cameron Oliver Nevada
1%
Cameron McGriff Oklahoma St
1%
Justin Tillman VCU
1%
Jaysean Paige West Virginia
1%
Alfonzo McKinnie Wisconsin Green Bay
1%
Kent Bazemore Anthony
0%
Rob Edwards Arizona St
0%
Rayjon Tucker AR Little Rock
0%
Trayvon Palmer Chicago St
0%
Paris Bass Detroit Mercy
0%
Paul Watson Fresno St
0%
Malik Ellison Hartford
0%
Norvel Pelle Iona
0%
Emanuel Terry Lincoln Memorial
0%
Xavier Moon Morehead St
0%
Ahmad Caver Old Dominion
0%
Brad Wanamaker Pittburgh
0%
Brodric Thomas Truman St
0%
Jaime Echenique Wichita St
0%
No matching quizzes found
Score Distribution
Percent of People with Each Score
Percentile by Number Answered
Your Score History
You have not taken this quiz